00343pab a2200121 454500008004000000100002200040245006900062260000900131300001100140362001200151650002400163773003400187180718b1990 xxu||||| |||| 00| 0 eng d aPandey, Vikash N. aProperty law and agrarian relations in colonial Awadhb1909-1920 c1990 a2601-8 a24 Nov. aLand Tenure - India aEconomic and Political Weekly